| 000 | 00889nam a2200205 a 4500 | ||
|---|---|---|---|
| 001 | 000031949 | ||
| 005 | 20240412074255.0 | ||
| 008 | 110707s19uu dr 000 p spa d | ||
| 040 |
_aDO-SdBNP _bspa _cBNPHU |
||
| 082 |
_aRD861.42 _bC468a |
||
| 100 | 1 |
_aChapuseaux A., Adalberto _958117 |
|
| 245 | 1 | 0 |
_aAcrósticos / _cAdalberto Chapuseaux A. ; prólogo acróstico Ofelio Pujol. |
| 260 |
_aSantiago de los caballeros , República Dominicana : _bImprenta Muchas Gracias, _c[19--]. |
||
| 300 |
_a130 p. ; _c22 cm. |
||
| 500 | _aDedicado a los padres de la patria con motivo del primer centenario de la independencia de la República Dominicana ; Juan Pablo Duarte, Francisco del Rosario Sánchez, Ramón Matías Mella, Rafael L. Trujillo Molina | ||
| 650 | 0 |
_aPoesía dominicana _966 |
|
| 650 | 0 |
_aLiteratura dominicana. _967 |
|
| 910 | _aValidado. Control de calidad MFF | ||
| 049 | _aBNPD | ||
| 999 |
_c31440 _d31440 |
||